Sports Quiz

Random Sports or MLB Quiz

MLB: Louisiana-Born All-Time Team Quiz Stats

 Plays Quiz not verified by Sporcle

Score 0/25 Timer 12:00
0 Plays Today
Pos. Player % Correct
1BWill Clark
87.2%
RPWatty Clark
85.6%
OFMel Ott
85.3%
SPAndy Pettitte
83.4%
OFAlbert Belle
82.8%
OFReggie Smith
79.1%
CPLee Smith
79.1%
SPRon Guidry
77.5%
SPVida Blue
75.6%
CBill Dickey
72.2%
CPJonathan Papelbon
66.6%
DHRusty Staub
62.2%
SPChuck Finley
61.6%
Pos. Player % Correct
CFVernon Wells
56.6%
SPTed Lyons
40.9%
1BJoe Adcock
40.3%
OFRalph Garr
34.1%
2BConnie Ryan
27.5%
RPB.J. Ryan
27.5%
1BZeke Bonura
18.1%
OFDarryl Hamilton
16.6%
OFTommy Harper
13.1%
RPHowie Pollet
4.4%
SSJohn Peters
4.1%
3BOdell Hale
2.5%

You're not logged in!

Compare scores with friends on all Sporcle quizzes.
OR
Log In

Sporcle TV

Today on Sporcle TV


Watch our educational content, quiz creation guides, and fun videos on Sporcle TV.

Show Comments

Extras

Top Quizzes Today


Score Distribution

Your Account Isn't Verified!

In order to create a playlist on Sporcle, you need to verify the email address you used during registration. Go to your Sporcle Settings to finish the process.

Report this User

Report this user for behavior that violates our Community Guidelines.

Details: